Indian Defence Review July 1988 (Record no. 551554)
[ view plain ]
| 000 -LEADER | |
|---|---|
| fixed length control field | 00269nam a22001097a 4500 |
| 082 ## - DEWEY DECIMAL CLASSIFICATION NUMBER | |
| Classification number | 355.003 |
| Author Mark | IND |
| -- | L-30,P-145 |
| 245 ## - TITLE STATEMENT | |
| Title | Indian Defence Review July 1988 |
| 260 ## - PUBLICATION, DISTRIBUTION, ETC. | |
| Place of publication, distribution, etc. | New Delhi. |
| 300 ## - PHYSICAL DESCRIPTION | |
| Extent | 167 p. |
| 526 ## - STUDY PROGRAM INFORMATION NOTE | |
| Program name | 0 |
| Interest level | 0 |
| Reading level | 0 |
| Title point value | 355_003000000000000_IND |
| 942 ## - ADDED ENTRY ELEMENTS (KOHA) | |
| Source of classification or shelving scheme | |
| Koha item type | Book |
| Withdrawn status | Lost status | Source of classification or shelving scheme | Damaged status | Not for loan | Permanent Location | Current Location | Date acquired | Total Checkouts | Full call number | Barcode | Date last seen | Price effective from | Koha item type |
|---|---|---|---|---|---|---|---|---|---|---|---|---|---|
| Military College of Engineering (MCE) | Military College of Engineering (MCE) | 12/17/2014 | 355.003 IND | MCE-22211 | 12/17/2014 | 12/17/2014 | Book |
